00214nam a22000977a 4500082001200000100001800012245002100030260003000051300001100081650002400092 a823 BRO aBronte, Emily aWuthering Hights aLondonbHeron Booksc1966 a350 P  aEnglish - Litrature